| 000 | 00634cam a22002531 4500 | ||
|---|---|---|---|
| 001 | 6565876 | ||
| 003 | OSt | ||
| 005 | 20230620111649.0 | ||
| 008 | 741009s1962 xx 000 0 eng | ||
| 010 | _a 62015705 | ||
| 035 | _a(OCoLC)1036566 | ||
| 040 |
_aDLC _cMAH _dDLC |
||
| 042 | _apremarc | ||
| 050 | 0 | 0 |
_aHX450.N5 _bA7 |
| 082 |
_a320.5 _bAJA |
||
| 100 | 1 | _aAjao, Aderogba. | |
| 245 | 1 | 0 | _aOn the tiger's back. |
| 250 | _a[1st ed.] | ||
| 260 |
_aCleveland, _bWorld Pub. Co. _c[1962] |
||
| 300 |
_a149 p. _billus. _c23 cm. |
||
| 650 | 0 | _aCommunism. | |
| 906 |
_a7 _bcbc _coclcrpl _du _encip _f19 _gy-gencatlg |
||
| 942 |
_2ddc _cBK |
||
| 999 |
_c1629 _d1629 |
||